000
00304nam a2200133Ia 4500
008
231129s1971||||xx |||||||||||||| ||spa||
040
_b
spa
082
_a
F843 S133
100
_a
Saint-Exupery Antoine de
245
0
_a
Un sentido de la vida
260
_c
1971
264
_a
Troquel
942
_2
ddc
_c
BKS
999
_c
25903
_d
25903